000 00639nam a2200253Ia 4500
003 OSt
005 20221007102030.0
006 a|||||r|||| 00| 0
007 ta
008 221006b |||||||| |||| 00| 0 eng d
024 _a9,245
037 _cTextual
040 _aLCO
_cLCO
_beng
041 _2eng
_aeng
082 _aZ2,93, P3
100 _aSARKAR KL
_9704178
245 0 _aMIMANSA RULES of Interpretation
250 _a2
260 _aAllahabad
_bModern Law Publication
_c2003
300 _a432
650 _aMIMANSA RULES
_9704179
942 _hZ2,93, P3
_cTEXL
999 _c1178808
_d1178808